Connais-tu ton club #2 (Chelsea) - Statistiques

Statistiques générales
  • Ce quiz a été pris 40 fois
  • Le résultat moyen est 5 sur 10
Statistiques - réponses
Hint Réponse % Correct
Quel est son plus grand rival ? Arsenal
100%
Combien de LDC Chelsea a gagné ? 2
97%
Quel est le surnom de Chelsea ? Blues
92%
Quel est le meilleur buteur de Chelsea ? (211) Frank Lampard
92%
Quel est le nom du stade ? Stamford Bridge
86%
Quel est l'entraineur actuel ? Enzo Maresca
51%
Quand le club est créé ? 1905
24%
Quel est le joueur le plus capé ? (724) Ron Harris
3%
Qui a fondé Chelsea ? Gus Mears
0%
Quel est l'entraineur ayant le plus entrainé Chelsea ? (421) Ted Drake
0%
Aucun quiz correspondant
Distribution des résultats
% des personnes avec chaque résultat
Percentile par nombre de réponses
Votre historique - résultats
Vous n’avez pas pris ce quiz